000 00510nam a22001817a 4500
005 20220702125601.0
008 220702b ||||| |||| 00| 0 eng d
040 _cAL
041 _aEnglish
082 _223
_a321
_bMAJI
100 _aAkhtar Majeed
_946790
245 _aIndian Journal of Federal Studies
260 _aNew Delhi
_bManak Publications Pvt Ltd
_c2005
300 _aiv,171 p.
_bPB
_c21.5x14 cm.
650 _aFederal government
_946791
700 _aMAJEED (Akhtar) Ed
_946792
942 _2ddc
_cGF
999 _c223584
_d223584